Homophones with an extra letter - Statistics

General Stats
  • This quiz has been taken 961 times
  • The average score is 26 of 28
Answer Stats
Word A Word B % Correct
D
98%
Ad Add
98%
T
97%
But Butt
97%
L
95%
N
95%
U
95%
By Buy
95%
Dam Damn
95%
Mil Mill
95%
E
94%
H
94%
K
94%
O
94%
S
94%
Ho Hoe
94%
Our Hour
94%
Night Knight
94%
Cent Scent
94%
To Too
94%
B
93%
G
93%
Nome Gnome
93%
Plum Plumb
93%
W
91%
Rap Wrap
91%
A
90%
Isle Aisle
90%
No matching quizzes found
Score Distribution
Percent of People with Each Score
Percentile by Number Answered
Your Score History
You have not taken this quiz